Sports Quiz

Random Sports or Basketball Quiz

50 Greatest Coaches Quiz Stats

 Plays Quiz Updated Oct 7, 2019

Score 0/50 Timer 07:00
8 Plays Today
Rank Coach % Correct
2Vince Lombardi
78.8%
4Phil Jackson
78.4%
1John Wooden
73.7%
32Joe Torre
59.3%
8Dean Smith
59.2%
3Bear Bryant
57.5%
19Mike Krzyzewski
56.3%
6Red Auerbach
53.3%
13Joe Paterno
53.1%
16Bob Knight
50.3%
5Don Shula
48.1%
18Tom Landry
46.6%
11Pat Summitt
45.7%
24Bobby Bowden
43.1%
41Tony La Russa
40.6%
33Bill Parcells
37.2%
30Pat Riley
37.2%
20Bill Belichick
37.2%
12Paul Brown
36.3%
26Bill Walsh
36.2%
7Scotty Bowman
34.9%
15Chuck Noll
32.3%
9Casey Stengel
29.7%
27Woody Hayes
28.5%
38Sparky Anderson
28.1%
Rank Coach % Correct
46Bobby Cox
28%
48Tommy Lasorda
27.2%
14George Halas
26.8%
21Adolph Rupp
26.6%
10Knute Rockne
25.2%
28Connie Mack
21.5%
17Joe Gibbs
21.1%
42Geno Auriemma
21%
36Bo Schembechler
19.6%
49Gregg Popovich
16.6%
23Eddie Robinson
16.3%
25John McGraw
14.7%
34Tom Osborne
13.1%
22Joe McCarthy
12%
45Chuck Daly
11.8%
50Herb Brooks
11.1%
35Walter Alston
9.3%
37Toe Blake
8.2%
29Bud Wilkinson
7.5%
44Ara Parseghian
7.4%
40Amos Alonzo Stagg
7.3%
39Al Arbour
7.2%
47Hank Iba
6.4%
43Dick Irvin
2.6%
31Pete Newell
2.5%

You're not logged in!

Compare scores with friends on all Sporcle quizzes.
OR
Log In

Sporcle TV

Today on Sporcle TV


Watch our educational content, quiz creation guides, and fun videos on Sporcle TV.

Show Comments

Extras

Top Quizzes Today


Score Distribution

Your Account Isn't Verified!

In order to create a playlist on Sporcle, you need to verify the email address you used during registration. Go to your Sporcle Settings to finish the process.

Report this User

Report this user for behavior that violates our Community Guidelines.

Details: